Teoría y problemas de cálculo diferencial e integral

Saved in:
Bibliografiske detaljer
Hovedforfatter: Ayres, Frank (Author)
Format: Bog
Sprog:spansk
Udgivet: Bogotá McGraw-Hill Latinoamericana 1976
Serier:Serie de Compendios Shaum
Fag:
Tags: Tilføj Tag
Ingen Tags, Vær først til at tagge denne postø!

MARC

LEADER 00000nam a2200000 a 4500
001 UCP0542
003 CL-VaPUC
008 990313e19760000CK |||||||||||||||||spa|d
082 0 4 |a 515.3  |b AYR  |2 21 
100 0 |a Ayres, Frank  |e author  |9 425875 
245 1 0 |a Teoría y problemas de cálculo diferencial e integral 
300 |a 345 p 
942 |c BK 
945 |d 19990313 00:00:00  |a lriquelm 
260 |a Bogotá  |b McGraw-Hill Latinoamericana  |c 1976 
650 0 |a Cálculo  |9 260234 
650 7 |a PROBLEMAS  |2 CL-VaPUC  |9 269806 
650 0 |a Ejercicios   |9 269807 
583 |a last modification  |c 19990313 00:00:00  |k Rodrigo Vera 
490 0 |a Serie de Compendios Shaum 
999 |c 279309  |d 279307